000
00359nam a2200169Ia 4500
001
18699
003
GE_BSU
008
181216s||||||||xx |||||||||||||| ||und||
040
_c
GE_BSU
245
4
_a
The Economist.№9015 2016
245
_b
12TH-18TH
260
_b
Economist
260
_c
2016
300
_a
78p;26cm.
653
_a
The Economist
942
_c
CR
999
_c
51708
_d
51708